[Event "OLNN 2223 Preetzer TSV - SV Bad Schwart"]
[Site "?"]
[Date "2023.02.05"]
[Round "5.3"]
[White "Masio, Andreas"]
[Black "Schwarz, Frank"]
[Result "1/2-1/2"]
[WhiteElo "2010"]
[BlackElo "2225"]
[PlyCount "117"]
[EventDate "2023.??.??"]

1. e4 c5 2. Nc3 e6 3. Bc4 Nc6 4. d3 Nf6 5. Bg5 h6 6. Bh4 a6 7. f4 b5 8. Bb3 d6 9. Nf3 Bb7 10. O-O Be7 11. Qe1 Na5 12. e5 dxe5 13. fxe5 Ng8 14. Bg3 h5 15. Ne4 Bxe4 16. Qxe4 Nh6 17. c3 Nf5 18. Bf2 Rc8 19. Bc2 Qd7 20. Rad1 Qb7 21. Qf4 Rg8 22. Ng5 g6 23. d4 cxd4 24. Bxd4 Nc6 25. Be4 Qc7 26. h3 h4 27. Bxf5 gxf5 28. Nf3 Rd8 29. Bf2 Rh8 30. Rfe1 Na5 31. Bxh4 Bxh4 32. Nxh4 Nc4 33. b3 Rxd1 34. Rxd1 Qxe5 35. Qf2 Ne3 36. Rd3 Nd5 37. Nf3 Qf4 38. Qc5 Qb8 39. Qd4 Rg8 40. Ne5 Qb6 41. Qxb6 Nxb6 42. Rd6 Nd5 43. Rxa6 Rg3 44. c4 bxc4 45. bxc4 Ne3 46. Kf2 f4 47. c5 Rxg2+ 48. Kf3 Rc2 49. Ra8+ Ke7 50. Ra7+ Kf6 51. Ke4 Nd5 52. Rxf7+ Kg5 53. Nf3+ Kg6 54. Ne5+ Kg5 55. c6 Rxa2 56. Nf3+ Kg6 57. Ne5+ Kg5 58. Nf3+ Kg6 59. Ne5+ 1/2-1/2

[Event "OLNN 2223 Preetzer TSV - SV Bad Schwart"]
[Site "?"]
[Date "2023.02.05"]
[Round "5.4"]
[White "Reinecker, Kai"]
[Black "Toenniges, Thomas"]
[Result "1/2-1/2"]
[WhiteElo "2244"]
[BlackElo "2045"]
[PlyCount "58"]
[EventDate "2023.??.??"]

1. e4 e6 2. d4 d5 3. Nd2 Nf6 4. e5 Nfd7 5. Bd3 c5 6. c3 Nc6 7. Ne2 cxd4 8. cxd4 f6 9. exf6 Nxf6 10. O-O Bd6 11. Nf3 O-O 12. Bf4 Ng4 13. Bxd6 Qxd6 14. Ng3 Qf4 15. Ne2 Qd6 16. h3 Rxf3 17. hxg4 Rf7 18. g5 g6 19. f4 Bd7 20. a3 Raf8 21. Qd2 Ne7 22. Rac1 Qb6 23. Qb4 Qxb4 24. axb4 Nc6 25. g3 Nxb4 26. Rfd1 Nxd3 27. Rxd3 Bb5 28. Re3 Bxe2 29. Rxe2 Re7 1/2-1/2

[Event "OLNN 2223 Preetzer TSV - SV Bad Schwart"]
[Site "?"]
[Date "2023.02.05"]
[Round "5.5"]
[White "Sallandt, Frido"]
[Black "Skibbe, Willi"]
[Result "1/2-1/2"]
[WhiteElo "1780"]
[BlackElo "2173"]
[PlyCount "92"]
[EventDate "2023.??.??"]

1. e4 e5 2. Nf3 Nc6 3. Bc4 Bc5 4. c3 Nf6 5. d3 d6 6. O-O a5 7. a4 Bb6 8. Be3 Bxe3 9. fxe3 O-O 10. Nbd2 Ne7 11. Bb3 Ng6 12. Qe1 c6 13. d4 Qe7 14. Nh4 Nxh4 15. Qxh4 Be6 16. Bc2 Rfe8 17. Rf3 Nd7 18. Qg3 f6 19. Raf1 Bf7 20. Qh4 Nf8 21. g4 Ne6 22. Qg3 Ng5 23. R3f2 exd4 24. exd4 d5 25. e5 Qc7 26. h4 Ne4 27. Nxe4 dxe4 28. Bxe4 Bc4 29. Re1 fxe5 30. dxe5 Re7 31. Qf4 Bb3 32. Bd3 Rae8 33. Bc4+ Bxc4 34. Qxc4+ Kh8 35. Qd4 h5 36. gxh5 Rxe5 37. Rxe5 Qxe5 38. Rf8+ Kh7 39. Rxe8 Qxe8 40. Qg4 Qe1+ 41. Kg2 Qd2+ 42. Kg3 Qe3+ 43. Kg2 Qd2+ 44. Kg3 Qd3+ 45. Qf3 Qc2 46. Qg4 Qd3+ 1/2-1/2

[Event "OLNN 2223 Preetzer TSV - SV Bad Schwart"]
[Site "?"]
[Date "2023.02.05"]
[Round "5.6"]
[White "Light, Bjarne"]
[Black "Schwarz, Oliver"]
[Result "1-0"]
[WhiteElo "2194"]
[BlackElo "2095"]
[PlyCount "223"]
[EventDate "2023.??.??"]

1. d4 d5 2. Nf3 Nf6 3. Bf4 e6 4. e3 Bd6 5. Nbd2 Bxf4 6. exf4 O-O 7. Bd3 Qd6 8. g3 c5 9. dxc5 Qxc5 10. O-O b5 11. Qe2 Bd7 12. Ne5 a6 13. a4 b4 14. Rfc1 Qd6 15. a5 Nc6 16. Nb3 Ne7 17. Rd1 Bc8 18. Nd2 Bb7 19. Ndc4 Qc7 20. Nb6 Ra7 21. Qe3 Nc6 22. Qc5 Qe7 23. Qxe7 Nxe7 24. Ra4 b3 25. cxb3 Bc6 26. Nxc6 Nxc6 27. Rc1 Ne7 28. b4 g6 29. b5 axb5 30. Bxb5 Rb8 31. b4 Kg7 32. Raa1 Ne4 33. Rab1 Nf5 34. Rb2 Nd4 35. Bd3 Nd6 36. Kg2 Rab7 37. Rc5 Rxb6 38. axb6 Rxb6 39. Ra5 N6b5 40. Bxb5 Nxb5 41. Kf1 Kf6 42. Ke2 g5 43. fxg5+ Kxg5 44. f3 Kf5 45. Kd3 e5 46. Ra8 f6 47. Rd8 Nd6 48. b5 Ke6 49. Ra8 Rxb5 50. Rxb5 Nxb5 51. Rh8 f5 52. Rxh7 e4+ 53. fxe4 fxe4+ 54. Ke3 Ke5 55. Rh5+ Ke6 56. h4 Nd6 57. g4 Nc4+ 58. Kd4 e3 59. Kd3 d4 60. Rh8 Ne5+ 61. Kxd4 Nxg4 62. Ke4 Ke7 63. Kf3 Kf7 64. Ra8 Nf6 65. Kxe3 Kg6 66. Ra6 Kf5 67. Kf3 Nd7 68. Ra5+ Ne5+ 69. Ke3 Kf6 70. Ke4 Nf7 71. Ra6+ Kg7 72. Kf4 Nh6 73. h5 Nf7 74. Rg6+ Kh7 75. Kf5 Nh6+ 76. Ke6 Ng8 77. Kf7 Nh6+ 78. Kf8 Nf5 79. Rg5 Nh6 80. Rg7+ Kh8 81. Ra7 Ng8 82. Rg7 Nh6 83. Rg1 Kh7 84. Ke7 Ng8+ 85. Ke6 Nh6 86. Kf6 Ng8+ 87. Kg5 Nh6 88. Rf1 Kg7 89. Ra1 Nf7+ 90. Kh4 Kh6 91. Ra6+ Kg7 92. Re6 Kh7 93. Re7 Kg8 94. Kg4 Kg7 95. Ra7 Kf6 96. h6 Nxh6+ 97. Kf4 Nf7 98. Ra6+ Kg7 99. Kg4 Nh6+ 100. Kh5 Nf7 101. Rb6 Ne5 102. Ra6 Nf7 103. Re6 Nd8 104. Rb6 Nf7 105. Rg6+ Kh7 106. Rg1 Nh6 107. Rf1 Kg7 108. Kg5 Nf7+ 109. Kf5 Nh8 110. Rg1+ Kf8 111. Ke6 Nf7 112. Rf1 1-0

[Event "OLNN 2223 Preetzer TSV - SV Bad Schwart"]
[Site "?"]
[Date "2023.02.05"]
[Round "5.7"]
[White "Mueller, Friedrich"]
[Black "Willsch, Matthias"]
[Result "0-1"]
[WhiteElo "1952"]
[BlackElo "2098"]
[PlyCount "168"]
[EventDate "2023.??.??"]

1. Nf3 d5 2. g3 Nf6 3. Bg2 e6 4. c4 dxc4 5. Qa4+ Nbd7 6. Qxc4 a6 7. Qc2 c5 8. O-O Rb8 9. d3 Bd6 10. b3 O-O 11. Bb2 b5 12. Nbd2 Bb7 13. Rac1 Qe7 14. Qb1 Rfc8 15. Qa1 Qf8 16. Rc2 Nd5 17. a3 Be7 18. Rfc1 Bf6 19. Ne4 Bxb2 20. Qxb2 N5b6 21. Nfd2 h6 22. f4 Nd5 23. Nf1 a5 24. Nc3 Nxc3 25. Rxc3 Bxg2 26. Kxg2 b4 27. R3c2 Qd6 28. a4 e5 29. Rc4 Re8 30. f5 Qd5+ 31. Kg1 Rbc8 32. Qc2 Qd6 33. Nd2 Qd5 34. Ne4 Nb6 35. Rxc5 Rxc5 36. Qxc5 Rc8 37. Qxc8+ Nxc8 38. Rxc8+ Kh7 39. Rc4 Qd7 40. g4 Qe7 41. h3 Qh4 42. Nf2 Qg3+ 43. Kf1 f6 44. Re4 Kg8 45. Rc4 Qe3 46. Ke1 Kh7 47. Rc2 e4 48. Nxe4 Qxh3 49. Rc7 Qh4+ 50. Kd1 Kg8 51. Rc8+ Kf7 52. Rc7+ Kf8 53. Rc8+ Ke7 54. Rc7+ Kd8 55. Rxg7 Qh1+ 56. Kc2 Qe1 57. Rg6 Qxe2+ 58. Nd2 Ke7 59. Rg7+ Kf8 60. Rg6 Kf7 61. d4 h5 62. gxh5 Qxh5 63. Rg3 Qxf5+ 64. Rd3 Qd5 65. Nc4 Kg6 66. Ne3 Qc6+ 67. Kd2 f5 68. d5 Qd6 69. Nc4 Qh2+ 70. Kd1 Qh1+ 71. Kc2 Qg2+ 72. Nd2 Kf7 73. d6 Qc6+ 74. Nc4 Ke8 75. d7+ Kd8 76. Rd6 Qc5 77. Rd3 f4 78. Kd1 Qf5 79. Ke2 Qe4+ 80. Kd2 f3 81. Ne3 Qe5 82. Kc2 Qa1 83. Nd1 Qe5 84. Kd2 Qe2+ 0-1

[Event "OLNN 2223 Preetzer TSV - SV Bad Schwart"]
[Site "?"]
[Date "2023.02.05"]
[Round "5.8"]
[White "Dittmann, Hans-Adolf"]
[Black "Pulter, Felix"]
[Result "0-1"]
[WhiteElo "2018"]
[BlackElo "1649"]
[PlyCount "84"]
[EventDate "2023.??.??"]

1. e4 d6 2. d4 Nf6 3. Nc3 g6 4. Bg5 Bg7 5. Qd2 c6 6. f3 b5 7. Bd3 O-O 8. Bh6 a6 9. h4 e5 10. dxe5 dxe5 11. O-O-O Be6 12. h5 Nxh5 13. Bxg7 Kxg7 14. g4 Nf4 15. Qh2 h5 16. Kb1 Nd7 17. Nge2 Nxe2 18. Bxe2 Rh8 19. gxh5 Rxh5 20. Qf2 Qg5 21. f4 Qxf4 22. Qxf4 exf4 23. Bxh5 gxh5 24. Rxh5 Kg6 25. Rh2 Ne5 26. Ne2 Kg5 27. Rg1+ Bg4 28. Rf2 f3 29. Nc3 Kf4 30. Re1 Kg3 31. Nd1 Bh3 32. Rg1+ Bg2 33. Rd2 Ng4 34. Kc1 Re8 35. Re1 f5 36. e5 Rxe5 37. Rxe5 Nxe5 38. Nf2 Ng4 39. Nd3 f2 40. Nxf2 Nxf2 41. Rd8 f4 42. Kd2 Ng4 0-1

[Event "OLNN 2223 FC St. Pauli II - SC Diogenes"]
[Site "?"]
[Date "2023.02.05"]
[Round "5.1"]
[White "Schulenburg, Fabian"]
[Black "Mueller, Fabian"]
[Result "1/2-1/2"]
[WhiteElo "2317"]
[BlackElo "2311"]
[PlyCount "76"]
[EventDate "2023.??.??"]

1. e4 c5 2. Nf3 e6 3. b3 b6 4. Bb2 Bb7 5. Qe2 d6 6. g3 Nd7 7. Bg2 Ngf6 8. d3 Be7 9. O-O O-O 10. Nbd2 Qc7 11. e5 dxe5 12. Nxe5 Bxg2 13. Kxg2 Nxe5 14. Bxe5 Qb7+ 15. Kg1 Nd7 16. Bb2 Bf6 17. Bxf6 Nxf6 18. Ne4 Nxe4 19. dxe4 Rfd8 20. Rfd1 g6 21. c3 h5 22. Rd3 c4 23. bxc4 Rxd3 24. Qxd3 Qc7 25. Rd1 Rc8 26. Qd7 Qxd7 27. Rxd7 Rxc4 28. Rxa7 Rxe4 29. Rb7 Ra4 30. Rxb6 Rxa2 31. h4 Kg7 32. Kg2 Kf6 33. Kf3 Kf5 34. Rb7 f6 35. Rb6 e5 36. Rc6 Rc2 37. Ke3 g5 38. hxg5 fxg5 1/2-1/2

[Event "OLNN 2223 FC St. Pauli II - SC Diogenes"]
[Site "?"]
[Date "2023.02.05"]
[Round "5.2"]
[White "Trisic, Aleksandar"]
[Black "Schulenburg, Torben"]
[Result "1/2-1/2"]
[WhiteElo "2273"]
[BlackElo "2222"]
[PlyCount "140"]
[EventDate "2023.??.??"]

1. Nf3 g6 2. c4 Nf6 3. Nc3 d5 4. cxd5 Nxd5 5. h4 Nxc3 6. bxc3 h5 7. Qb3 Nc6 8. Ng5 e6 9. d4 b6 10. e4 Na5 11. Qa4+ Bd7 12. Qc2 c5 13. e5 cxd4 14. Bd3 Nc6 15. Bf4 Ne7 16. Ne4 Nd5 17. Bg5 Qc7 18. c4 Bb4+ 19. Kf1 Ne7 20. Rb1 a5 21. Bf6 Rf8 22. g4 Bc6 23. Rg1 O-O-O 24. Qe2 hxg4 25. Rxg4 Nf5 26. Bxd8 Rxd8 27. c5 bxc5 28. Ba6+ Kd7 29. Nf6+ Ke7 30. Bd3 Rh8 31. h5 gxh5 32. Rg5 h4 33. Bxf5 exf5 34. Kg1 h3 35. Kh2 c4 36. Rxf5 d3 37. Qe3 Ba8 38. Qg5 Kf8 39. Rg1 Bg2 40. Nd5 Bxd5 41. Qg7+ Ke7 42. Qxh8 Be6 43. Qh4+ Kd7 44. Qd4+ Kc6 45. Rf6 Kb5 46. Ra1 Qc5 47. Qd7+ Qc6 48. a4+ Kc5 49. Qa7+ Qb6 50. Qa8 Bc3 51. Qf8+ Kd5 52. Qa8+ Qc6 53. Qd8+ Kxe5 54. Rg1 Ke4 55. Rg4+ Bxg4 56. Rxc6 Be5+ 57. f4 Bxf4+ 58. Kg1 h2+ 59. Kf2 h1=Q 60. Qe7+ Be5 61. Rxc4+ Kf5 62. Qxf7+ Kg5 63. Qg8+ Kf6 64. Qf8+ Ke6 65. Qc8+ Ke7 66. Qxg4 Qh2+ 67. Kf1 Qh1+ 68. Kf2 Qh2+ 69. Kf1 Qh1+ 70. Kf2 Qh2+ 1/2-1/2

[Event "OLNN 2223 FC St. Pauli II - SC Diogenes"]
[Site "?"]
[Date "2023.02.05"]
[Round "5.3"]
[White "Kaid, Almar"]
[Black "Jahncke, Giso"]
[Result "1/2-1/2"]
[WhiteElo "2265"]
[BlackElo "2260"]
[PlyCount "41"]
[EventDate "2023.??.??"]

1. Nf3 g6 2. d4 Bg7 3. g3 d5 4. c4 c6 5. Nbd2 Nf6 6. Bg2 O-O 7. O-O a5 8. b3 Bf5 9. Bb2 a4 10. Nh4 Be6 11. e3 Qb6 12. Ba3 Re8 13. Qc2 axb3 14. axb3 Na6 15. Rfc1 h6 16. h3 g5 17. Nf5 Nb4 18. Bxb4 Bxf5 19. Qc3 Rxa1 20. Rxa1 Qd8 21. Qb2 1/2-1/2

[Event "OLNN 2223 FC St. Pauli II - SC Diogenes"]
[Site "?"]
[Date "2023.02.05"]
[Round "5.4"]
[White "Stenner, Patrick"]
[Black "Mach, Holger"]
[Result "1-0"]
[WhiteElo "2272"]
[BlackElo "2227"]
[PlyCount "79"]
[EventDate "2023.??.??"]

1. e4 g6 2. Nc3 Bg7 3. f4 e6 4. Nf3 Ne7 5. d4 d5 6. e5 b6 7. Be3 Ba6 8. Bxa6 Nxa6 9. Qe2 Nb8 10. O-O-O Nd7 11. g4 a6 12. f5 gxf5 13. Nh4 fxg4 14. Qxg4 Ng6 15. Nf3 h5 16. Qg3 h4 17. Qg4 Qe7 18. Rhf1 O-O-O 19. Ng5 Rdf8 20. Nxf7 Ndxe5 21. Nxe5 Bxe5 22. dxe5 Nxe5 23. Qh3 Kb7 24. Bd4 Qg5+ 25. Kb1 Rxf1 26. Rxf1 Rg8 27. Qxe6 Nc4 28. Ka1 Nd2 29. Rd1 Nf3 30. Be3 Qg2 31. Qxd5+ Kb8 32. Bf4 h3 33. Qc6 Ne5 34. Qe6 Nc6 35. a3 Kb7 36. Bg3 Rg7 37. Qe4 Rf7 38. Ka2 Rf1 39. Rxf1 Qxf1 40. Qf4 1-0

[Event "OLNN 2223 FC St. Pauli II - SC Diogenes"]
[Site "?"]
[Date "2023.02.05"]
[Round "5.5"]
[White "Gottuk, Stefan"]
[Black "Breyther, Ruediger"]
[Result "1/2-1/2"]
[WhiteElo "2149"]
[BlackElo "2254"]
[PlyCount "97"]
[EventDate "2023.??.??"]

1. d4 Nf6 2. Bf4 e6 3. e3 b6 4. Qf3 d5 5. Nd2 Bb7 6. Bd3 Bd6 7. c3 Nbd7 8. Bxd6 cxd6 9. Qg3 Qe7 10. Ne2 O-O 11. Qh4 Rfe8 12. Ng3 Nf8 13. Nh5 Nxh5 14. Qxh5 Bc6 15. O-O Qd7 16. Rfe1 a5 17. a3 a4 18. e4 dxe4 19. Nxe4 Ra5 20. Qh4 Ng6 21. Qg3 Rd8 22. Ng5 Qe7 23. h4 Qf6 24. f3 Nf8 25. Ne4 Qe7 26. Qf2 Nd7 27. g3 Nf6 28. Qc2 Bxe4 29. Bxe4 Qc7 30. Kg2 h6 31. Rad1 e5 32. dxe5 dxe5 33. Rxd8+ Qxd8 34. Rd1 Qc7 35. Qd3 Nxe4 36. Qxe4 g6 37. Rd5 Rxd5 38. Qxd5 Kg7 39. Kf2 h5 40. Kg2 Kh7 41. Kf2 Kg7 42. Ke3 f5 43. Kd2 Kf6 44. Kc2 Qc5 45. Qd8+ Kf7 46. Qd7+ Kf6 47. Qd8+ Kf7 48. Qd7+ Kf6 49. Qd8+ 1/2-1/2

[Event "OLNN 2223 FC St. Pauli II - SC Diogenes"]
[Site "?"]
[Date "2023.02.05"]
[Round "5.6"]
[White "Priebe, Jan"]
[Black "Laqua, Christian"]
[Result "1-0"]
[WhiteElo "2229"]
[BlackElo "2089"]
[PlyCount "59"]
[EventDate "2023.??.??"]

1. e4 Nf6 2. e5 Nd5 3. Nf3 d6 4. d4 dxe5 5. Nxe5 c6 6. Be2 Bf5 7. O-O Nd7 8. Nf3 e6 9. c4 N5f6 10. Nh4 Bxb1 11. Rxb1 Bd6 12. g3 O-O 13. b4 Re8 14. Bf3 e5 15. Nf5 Bf8 16. b5 e4 17. Bg2 c5 18. d5 Ne5 19. Qc2 Nf3+ 20. Bxf3 exf3 21. Qd3 Re4 22. Bb2 Qd7 23. Qxf3 Rae8 24. Rbc1 Re2 25. Nh6+ gxh6 26. Qxf6 Rxb2 27. Qxb2 Bg7 28. Qc2 Bd4 29. Rce1 Re7 30. Qd2 1-0

[Event "OLNN 2223 FC St. Pauli II - SC Diogenes"]
[Site "?"]
[Date "2023.02.05"]
[Round "5.7"]
[White "Rieling, Thomas"]
[Black "Mitscherling, Andreas"]
[Result "1-0"]
[WhiteElo "2064"]
[BlackElo "2144"]
[PlyCount "61"]
[EventDate "2023.??.??"]

1. e4 e6 2. d4 d5 3. Nc3 Be7 4. Bd3 c5 5. dxc5 Nf6 6. Be3 O-O 7. e5 Nfd7 8. f4 Nxc5 9. Bxc5 Bxc5 10. Qh5 g6 11. Qh6 f5 12. Nf3 Qe7 13. O-O-O Nc6 14. Kb1 a6 15. h3 Qg7 16. Qh4 b5 17. Ne2 Be3 18. Qg3 Bc5 19. Qh2 Nb4 20. g4 Nxd3 21. Rxd3 fxg4 22. hxg4 Be7 23. Nfd4 Bc5 24. Rh3 Ra7 25. Nf3 Rff7 26. Ng5 Qh8 27. f5 gxf5 28. Nxf7 Rxf7 29. Rc3 Rc7 30. gxf5 exf5 31. Rxc5 1-0

[Event "OLNN 2223 FC St. Pauli II - SC Diogenes"]
[Site "?"]
[Date "2023.02.05"]
[Round "5.8"]
[White "Reuber, Artur"]
[Black "Schoenwolff, Kai"]
[Result "1-0"]
[WhiteElo "2147"]
[BlackElo "2022"]
[PlyCount "71"]
[EventDate "2023.??.??"]

1. f4 d5 2. Nf3 Nc6 3. e3 g6 4. d4 Bg7 5. c4 e6 6. Nc3 Nge7 7. a3 dxc4 8. Bxc4 O-O 9. O-O Nf5 10. Qe2 Nce7 11. Bd2 c6 12. Rad1 Qc7 13. g4 Nd6 14. Ba2 Kh8 15. e4 b6 16. e5 Ne8 17. Ng5 a5 18. Rf3 h6 19. Rh3 Kg8 20. Qf2 c5 21. Nce4 Nd5 22. Nf3 Qc6 23. Bb1 Bb7 24. dxc5 f5 25. gxf5 gxf5 26. Nd6 bxc5 27. Nxb7 Qxb7 28. Bc1 Rc8 29. Ba2 Qf7 30. Qd2 c4 31. Qxa5 h5 32. Ng5 Qg6 33. Kh1 Bh6 34. Nxe6 Qxe6 35. Qxd5 Nc7 36. Qxc4 1-0

[Event "OLNN 2223 Schachfreunde HH - SC Diogenes"]
[Site "?"]
[Date "2023.02.26"]
[Round "6.1"]
[White "Schulenburg, Fabian"]
[Black "Nedic, Dusan"]
[Result "0-1"]
[WhiteElo "2317"]
[BlackElo "2289"]
[PlyCount "172"]
[EventDate "2023.??.??"]

1. e4 e6 2. d4 d5 3. e5 c5 4. c3 Nc6 5. Nf3 Qb6 6. Be2 cxd4 7. cxd4 Nh6 8. Nc3 Nf5 9. Na4 Qa5+ 10. Bd2 Bb4 11. Bc3 Bxc3+ 12. Nxc3 Qb6 13. Bb5 Bd7 14. Bxc6 Bxc6 15. Qd2 Qa6 16. O-O-O b5 17. Kb1 O-O 18. Ne2 b4 19. Nf4 Qb6 20. Rc1 Rac8 21. Rc5 Bd7 22. Rhc1 Rxc5 23. dxc5 Qb8 24. c6 Bc8 25. g4 Ne7 26. Nh5 Ng6 27. Qe3 Qc7 28. Nf4 Nxf4 29. Qxf4 f6 30. Qd4 a5 31. exf6 gxf6 32. h4 h6 33. Ka1 Rf7 34. h5 Qa7 35. Qxa7 Rxa7 36. Nd4 Kf7 37. Nb5 Ra8 38. Nd6+ Ke7 39. Nxc8+ Rxc8 40. c7 Kd6 41. f4 e5 42. fxe5+ fxe5 43. Kb1 e4 44. Rc2 d4 45. Kc1 d3 46. Rc4 Ke5 47. Kd2 Kf4 48. b3 Kf3 49. Rc5 Kxg4 50. Ke3 Kh4 51. Kd2 Kg3 52. Ke3 Kg4 53. Rxa5 Rxc7 54. Re5 Rd7 55. Rxe4+ Kf5 56. Rf4+ Kg5 57. Rf2 Kxh5 58. Kd2 Kg4 59. Rg2+ Kf3 60. Rh2 Rd6 61. Rh4 Kg3 62. Rxb4 h5 63. a4 h4 64. a5 h3 65. Rb6 h2 66. Rxd6 h1=Q 67. Rxd3+ Kf2 68. Rc3 Qd5+ 69. Kc2 Qxa5 70. Rc4 Ke3 71. Kb2 Kd3 72. Rc1 Qe5+ 73. Kb1 Qe2 74. Rc4 Qd1+ 75. Kb2 Qd2+ 76. Kb1 Qa5 77. Kb2 Qe5+ 78. Kb1 Qb5 79. Kb2 Qa5 80. Kb1 Qa3 81. Rc2 Qxb3+ 82. Rb2 Qd1+ 83. Ka2 Qa4+ 84. Kb1 Kc3 85. Rb6 Qe4+ 86. Ka2 Qg2+ 0-1

[Event "OLNN 2223 Schachfreunde HH - SC Diogenes"]
[Site "?"]
[Date "2023.02.26"]
[Round "6.2"]
[White "Hermesmann, Hans"]
[Black "Hochgraefe, Markus"]
[Result "1/2-1/2"]
[WhiteElo "2205"]
[BlackElo "2374"]
[PlyCount "42"]
[EventDate "2023.??.??"]

1. d4 d5 2. c4 c6 3. Nc3 Nf6 4. cxd5 cxd5 5. Bf4 Nc6 6. e3 a6 7. Rc1 Bf5 8. Nf3 Rc8 9. Ne5 Nxe5 10. dxe5 Ne4 11. Nxe4 dxe4 12. Rxc8 Qxc8 13. Be2 e6 14. O-O Be7 15. Qd2 g5 16. Bg3 h5 17. f3 h4 18. Bf2 Qd8 19. Qc3 O-O 20. Rd1 Qc8 21. Be1 Qxc3 1/2-1/2

[Event "OLNN 2223 Schachfreunde HH - SC Diogenes"]
[Site "?"]
[Date "2023.02.26"]
[Round "6.3"]
[White "Schulenburg, Torben"]
[Black "Andersen, Jens Knud"]
[Result "1/2-1/2"]
[WhiteElo "2222"]
[BlackElo "2158"]
[PlyCount "70"]
[EventDate "2023.??.??"]

1. d4 d5 2. c4 e6 3. Nc3 c5 4. cxd5 exd5 5. Nf3 Nf6 6. g3 Nc6 7. Bg2 Be7 8. O-O O-O 9. dxc5 Bxc5 10. b3 a6 11. Bb2 Re8 12. Rc1 Ba7 13. e3 Bg4 14. h3 Bh5 15. Ne2 Bg6 16. Ned4 Nb4 17. Qd2 Nd3 18. Rcd1 Nxb2 19. Qxb2 Be4 20. Nh4 Bxg2 21. Kxg2 Qd6 22. Ne2 Rad8 23. Rd3 Bb8 24. Rfd1 Qe6 25. Nf3 Ne4 26. Nf4 Bxf4 27. exf4 Nf6 28. Qd4 Rc8 29. Rc3 Rxc3 30. Qxc3 Rc8 31. Qd3 Qe4 32. Qxe4 dxe4 33. Ne5 Kf8 34. Nc4 Ke7 35. Kf1 b5 1/2-1/2

[Event "OLNN 2223 Schachfreunde HH - SC Diogenes"]
[Site "?"]
[Date "2023.02.26"]
[Round "6.4"]
[White "Bokelbrink, Uwe"]
[Black "Kaid, Almar"]
[Result "0-1"]
[WhiteElo "2232"]
[BlackElo "2265"]
[PlyCount "80"]
[EventDate "2023.??.??"]

1. e4 e6 2. b3 d5 3. Bb2 a6 4. Nc3 d4 5. Nce2 c5 6. Nf3 Nc6 7. Ng3 e5 8. Bc4 h5 9. h3 h4 10. Ne2 Qf6 11. Nc1 Bd6 12. Nd3 Nge7 13. Qe2 Bd7 14. c3 O-O 15. O-O-O Rfe8 16. Nde1 b5 17. Bd3 Ng6 18. g3 Be6 19. Nxh4 Nxh4 20. gxh4 Rec8 21. Qf3 Qxh4 22. Ng2 Qe7 23. Rdg1 c4 24. Bc2 cxb3 25. axb3 Na5 26. Qg3 Qf6 27. Kd1 Bxb3 28. Bxb3 Nxb3 29. Nh4 Qh6 30. f4 exf4 31. Qf2 Be5 32. Nf5 Qh5+ 33. Kc2 dxc3 34. Bxc3 Nd4+ 35. Nxd4 b4 36. Nf5 bxc3 37. Ne7+ Kf8 38. Nxc8 Rxc8 39. d4 Bxd4 40. Qxd4 Qe2+ 0-1

[Event "OLNN 2223 Schachfreunde HH - SC Diogenes"]
[Site "?"]
[Date "2023.02.26"]
[Round "6.5"]
[White "Mach, Holger"]
[Black "Mix, Clemens"]
[Result "1-0"]
[WhiteElo "2227"]
[BlackElo "2018"]
[PlyCount "129"]
[EventDate "2023.??.??"]

1. e4 c5 2. Nc3 Nc6 3. Nge2 Nf6 4. d4 cxd4 5. Nxd4 e5 6. Ndb5 d6 7. Bg5 a6 8. Bxf6 gxf6 9. Na3 b5 10. Nd5 Bg7 11. Bd3 Ne7 12. Nxe7 Qxe7 13. O-O O-O 14. Qh5 f5 15. c4 bxc4 16. Nxc4 Rb8 17. exf5 e4 18. f6 Bxf6 19. Rae1 Rb5 20. Qd1 d5 21. Nd2 Rxb2 22. Nxe4 dxe4 23. Rxe4 Qc5 24. Rc4 Qg5 25. h4 Qg7 26. Re1 Rxa2 27. Bb1 Rb2 28. Re3 Kh8 29. Qc1 Be6 30. Rg3 Qxg3 31. fxg3 Bxc4 32. Be4 Bd4+ 33. Kh2 Rc8 34. Qh6 Kg8 35. Bxh7+ Kh8 36. Bf5+ Kg8 37. Bxc8 Bg7 38. Qc6 Bb5 39. Qd6 Re2 40. Bxa6 Bxa6 41. Qxa6 Re6 42. Qc8+ Kh7 43. Qd7 Kg8 44. g4 Be5+ 45. g3 Kg7 46. h5 Bf6 47. h6+ Kg6 48. h7 Bh8 49. g5 Re5 50. Kg2 Bg7 51. Qh3 Rxg5 52. h8=Q Bxh8 53. Qxh8 Rh5 54. Qg8+ Kf6 55. g4 Rg5 56. Qh8+ Kg6 57. Kf3 Rb5 58. Qg8+ Kf6 59. Qd8+ Kg7 60. g5 Rb3+ 61. Kg4 Rb4+ 62. Kh5 Rb1 63. Qf6+ Kg8 64. Qc6 Rb2 65. Qe8+ 1-0

[Event "OLNN 2223 Schachfreunde HH - SC Diogenes"]
[Site "?"]
[Date "2023.02.26"]
[Round "6.6"]
[White "Gremmel, Jonas Simon"]
[Black "Gottuk, Stefan"]
[Result "1/2-1/2"]
[WhiteElo "2066"]
[BlackElo "2149"]
[PlyCount "86"]
[EventDate "2023.??.??"]

1. d4 f5 2. e4 fxe4 3. Nc3 Nf6 4. Bg5 Nc6 5. d5 Ne5 6. Qe2 Nf7 7. Bxf6 exf6 8. Nxe4 Qe7 9. d6 Nxd6 10. Nxd6+ cxd6 11. O-O-O Qxe2 12. Bxe2 d5 13. Nf3 Bc5 14. Nd4 b6 15. Bf3 Bb7 16. c4 Rc8 17. Kb1 Kf7 18. Rd2 Rhe8 19. Rhd1 a6 20. a3 Rc7 21. cxd5 Bxd4 22. Rxd4 d6 23. Rh4 h6 24. Rb4 b5 25. Rc1 Rec8 26. Rxc7+ Rxc7 27. a4 bxa4 28. Rb6 Ke7 29. Ka2 Bc8 30. Ka3 Rc5 31. Kxa4 Bd7+ 32. Ka3 a5 33. Rb7 Kd8 34. Ra7 f5 35. Ra8+ Ke7 36. Ra7 Kd8 37. Ra8+ Ke7 38. Ra7 g6 39. Bd1 Kd8 40. Bb3 h5 41. Ra6 Ke7 42. Ra7 Kd8 43. Ra6 Ke7 1/2-1/2

[Event "OLNN 2223 Schachfreunde HH - SC Diogenes"]
[Site "?"]
[Date "2023.02.26"]
[Round "6.7"]
[White "Kilic, Oguz"]
[Black "Kull, Florian"]
[Result "0-1"]
[WhiteElo "2047"]
[BlackElo "2104"]
[PlyCount "56"]
[EventDate "2023.??.??"]

1. e4 e6 2. Nc3 d5 3. d3 dxe4 4. dxe4 Qxd1+ 5. Nxd1 Nc6 6. Ne3 Nf6 7. f3 Be7 8. Bd2 O-O 9. O-O-O Rd8 10. Nh3 a6 11. Nf4 b5 12. Be2 Bb7 13. g4 Nd4 14. c3 Nxe2+ 15. Nxe2 Nd7 16. Rhf1 Ne5 17. Ng3 Bc5 18. Ng2 Rd7 19. Be3 Rxd1+ 20. Kxd1 Bd6 21. Ke2 a5 22. Bd4 b4 23. Rb1 Ba6+ 24. Kf2 Nd3+ 25. Kg1 Rb8 26. cxb4 Rxb4 27. Bc3 Bc5+ 28. Kf1 Nf4+ 0-1

[Event "OLNN 2223 Schachfreunde HH - SC Diogenes"]
[Site "?"]
[Date "2023.02.26"]
[Round "6.8"]
[White "Dietz, Juergen"]
[Black "Neumann, Michael"]
[Result "1-0"]
[WhiteElo "2119"]
[BlackElo "2128"]
[PlyCount "55"]
[EventDate "2023.??.??"]

1. f4 d5 2. Nf3 g6 3. g3 Bg7 4. Bg2 Nh6 5. O-O O-O 6. d3 c6 7. c3 Qb6+ 8. Kh1 Bg4 9. e4 Nd7 10. h3 Bxf3 11. Qxf3 e6 12. Rf2 a5 13. Be3 Qb5 14. Bf1 a4 15. g4 f5 16. gxf5 gxf5 17. e5 c5 18. c4 Qc6 19. cxd5 exd5 20. Bg2 Nb6 21. Rc2 Ra5 22. Bd2 Ra6 23. Bb4 Rc8 24. Rxc5 Qe6 25. Nc3 Rd8 26. Nxd5 Nxd5 27. Qxd5 Nf7 28. Qxd8+ 1-0

[Event "OLNN 2223 SF Schwerin - Preetzer TSV"]
[Site "?"]
[Date "2023.02.26"]
[Round "6.1"]
[White "Vinter-Schou, Uffe"]
[Black "Reichmann, Hendrik"]
[Result "0-1"]
[WhiteElo "2356"]
[BlackElo "2315"]
[PlyCount "120"]
[EventDate "2023.??.??"]

1. c4 g6 2. g3 Bg7 3. Bg2 Nf6 4. Nf3 O-O 5. O-O d6 6. d4 Bf5 7. Qb3 Qc8 8. Nc3 Nc6 9. Rd1 Na5 10. Qa4 b6 11. Nd5 Re8 12. Bg5 c6 13. Nc3 h6 14. Be3 Bd7 15. c5 Qc7 16. Ne1 bxc5 17. dxc5 d5 18. Bc1 Nb7 19. Nd3 e5 20. e4 d4 21. Ne2 Bf8 22. Qc2 g5 23. Bd2 a5 24. a4 Bg4 25. f3 Be6 26. g4 Nd7 27. b4 axb4 28. Bxb4 Na5 29. Rdb1 Nc4 30. Nec1 Reb8 31. Bf1 Ne3 32. Qd2 f6 33. Be2 Qa7 34. Nb3 Kf7 35. Qc1 Rb7 36. Nd2 Rab8 37. a5 Rb5 38. a6 Be7 39. Ra4 Ra8 40. Nb2 Rbb8 41. Nd3 Kg6 42. Nf1 Nxf1 43. Kxf1 Bxc5 44. Rba1 Bxb4 45. Nxb4 d3 46. Nxd3 h5 47. Nb4 Nb6 48. Nxc6 Qh7 49. Nxb8 hxg4 50. Qc6 Qh3+ 51. Kg1 g3 52. Qxb6 Qxh2+ 53. Kf1 Qh1+ 54. Qg1 Bh3+ 55. Ke1 Qxg1+ 56. Kd2 Qb6 57. a7 g2 58. Bc4 g1=Q 59. Rxg1 Qxg1 60. Nc6 Bd7 0-1